书目信息 |
| 题名: |
教育家梁漱溟研究
|
|
| 作者: | 吴洪成 著 | |
| 分册: | ||
| 出版信息: | 济南 山东人民出版社 2015 |
|
| 页数: | 40,391页 | |
| 开本: | 24cm | |
| 丛书名: | 中国近现代原创型教育家研究丛书 | |
| 单 册: | ||
| 中图分类: | G40-092.74 | |
| 科图分类: | ||
| 主题词: | ||
| 电子资源: | ||
| ISBN: | 978-7-209-09374-3 | |
| 000 | 01097nam0 22002651 450 | |
| 001 | 0118172200 | |
| 005 | 20170618172200.0 | |
| 010 | @a978-7-209-09374-3@b精装@dCNY78.00 | |
| 100 | @a20160715d2015 emky0chiy50 ea | |
| 101 | 0 | @achi |
| 102 | @aCN@b370000 | |
| 105 | @ay z 000yd | |
| 106 | @ar | |
| 200 | 1 | @a教育家梁漱溟研究@Ajiao yu jia liang shu ming yan jiu@f吴洪成著 |
| 210 | @a济南@c山东人民出版社@d2015 | |
| 215 | @a40,391页@d24cm | |
| 225 | 2 | @a中国近现代原创型教育家研究丛书@Azhong guo jin xian dai yuan chuang xing jiao yu jia yan jiu cong shu@f宋恩荣,李剑萍总主编 |
| 300 | @a“十二五”国家重点图书出版规划项目 | |
| 330 | @a本书对教育家梁漱溟的教育思想进行研究。全书共十二章,内容包括家世与社会、求学历程、思想的彷徨与探索、考察国内的乡村教育事业、河南村治教育实验、梁漱溟对现代教育理论的探索等。 | |
| 461 | 0 | @12001 @a中国近现代原创型教育家研究丛书 |
| 600 | 0 | @a梁漱溟@Aliang shu ming@f(1893-1988)@x教育思想@x研究 |
| 690 | @aG40-092.74@v5 | |
| 701 | 0 | @a吴洪成@Awu hong cheng@f(1963~)@4著 |
| 801 | 0 | @aCN@bTANGWEI@c20170615 |
| 905 | @b1008669-74@dG40-092.74@e767@f6 | |
| 教育家梁漱溟研究/吴洪成著 .-济南:山东人民出版社,2015 |
| 40,391页;24cm.-(中国近现代原创型教育家研究丛书/宋恩荣,李剑萍总主编) |
| “十二五”国家重点图书出版规划项目 |
| ISBN 978-7-209-09374-3(精装):CNY78.00 |
| 本书对教育家梁漱溟的教育思想进行研究。全书共十二章,内容包括家世与社会、求学历程、思想的彷徨与探索、考察国内的乡村教育事业、河南村治教育实验、梁漱溟对现代教育理论的探索等。 |
| ● |
| 相关链接 |
|
|
|
|
正题名:教育家梁漱溟研究
索取号:G40-092.74/767
 
预约/预借
| 序号 | 登录号 | 条形码 | 馆藏地/架位号 | 状态 | 备注 |
| 1 | 1008669 | 210086690 | 第一样本阅览室/ [索取号:G40-092.74/767] | 在馆 | |
| 2 | 1008670 | 210086707 | 教育系资料室/ [索取号:G40-092.74/767] | 在馆 | |
| 3 | 1008671 | 210086716 | 教育系资料室/ [索取号:G40-092.74/767] | 在馆 | |
| 4 | 1008672 | 210086725 | 教育系资料室/ [索取号:G40-092.74/767] | 在馆 | |
| 5 | 1008673 | 210086734 | 第四借阅区/ [索取号:G40-092.74/767] | 在馆 | |
| 6 | 1008674 | 210086743 | 第四借阅区/ [索取号:G40-092.74/767] | 在馆 |